| 000 | 00431nam a22001457a 4500 | ||
|---|---|---|---|
| 020 | _a9780241188781 | ||
| 040 | _cNUST | ||
| 082 | _a550.1 HOR | ||
| 100 |
_aHorobin, Wendy _9111338 |
||
| 110 |
_aStamps, Caroline _9111339 |
||
| 245 |
_aFirst Earth Encyclopedia: _bA First Reference Book for Children |
||
| 260 |
_aLondon: _bDorling Kindersley Limited, _c2018. |
||
| 650 |
_aEarth Sciences Encyclopedias, _9111340 |
||
| 942 |
_2ddc _cBK |
||
| 999 |
_c594232 _d594232 |
||